[Event "C'Chartres Blitz op"]
[Site "Europe Echecs INT"]
[Date "2020.11.28"]
[Round "6"]
[White "Dumont, Frederic"]
[Black "Galhaud, Jean Philippe"]
[Result "0-1"]
[WhiteElo "1366"]
[BlackElo "1752"]
[PlyCount "76"]
[EventDate "2020.11.28"]
[EventType "swiss (blitz)"]
[EventRounds "11"]
[EventCountry "FRA"]
[SourceTitle "CBM 199 Extra"]
[Source "ChessBase"]
[SourceDate "2021.01.31"]
[SourceVersion "1"]
[SourceVersionDate "2021.01.31"]
[SourceQuality "1"]

1. e4 c5 2. Nf3 Nc6 3. c3 d5 4. exd5 Qxd5 5. Be2 e5 6. 0-0 e4 7. Ne1 Nf6 8. Nc2 Be7 9. Ne3 Qd8 10. Bc4 Ne5 11. Bb5+ Bd7 12. Ba4 0-0 13. Bc2 Nd3 14. Bxd3 exd3 15. Nc4 Bf5 16. Qf3 Bg4 17. Qxb7 Be2 18. Re1 Rb8 19. Qxa7 Re8 20. Qa5 Qd5 21. Ne3 Qh5 22. Qc7 Rbc8 23. Qg3 Rcd8 24. Na3 Bd6 25. Qh3 Qxh3 26. gxh3 Nh5 27. Nac4 Nf4 28. Kh1 Bc7 29. Rg1 Nxh3 30. Re1 Nxf2+ 31. Kg1 Nh3+ 32. Kg2 Nf4+ 33. Kf2 Re6 34. Rxe2 Nxe2 35. b4 Rf6+ 36. Ke1 cxb4 37. cxb4 Bxh2 38. Bb2 Bg3+ 0-1

[Event "FRA-ch Blitz Online Qual"]
[Site "Europe Echecs INT"]
[Date "2020.05.16"]
[Round "13"]
[White "De Monts, Louis"]
[Black "Galhaud, Jean Philippe"]
[Result "0-1"]
[WhiteElo "1630"]
[BlackElo "1749"]
[PlyCount "88"]
[EventDate "2020.05.16"]
[EventType "swiss (blitz)"]
[EventRounds "15"]
[EventCountry "FRA"]
[SourceTitle "CBM 196 Extra"]
[Source "ChessBase"]
[SourceDate "2020.07.31"]
[SourceVersion "1"]
[SourceVersionDate "2020.07.31"]
[SourceQuality "1"]

1. e4 c5 2. a3 Nc6 3. b4 cxb4 4. axb4 g6 5. Bb2 Nf6 6. b5 Nb8 7. Bc4 d6 8. Nf3 Bg7 9. d3 0-0 10. 0-0 Be6 11. Bxe6 fxe6 12. Nc3 Nbd7 13. Ne2 a6 14. bxa6 bxa6 15. Ned4 Nc5 16. Ng5 Qd7 17. Ngf3 Rab8 18. Bc3 Ng4 19. h3 Ne5 20. Nxe5 Bxe5 21. Qg4 Rf4 22. Qe2 Rbf8 23. f3 Na4 24. Qd2 Nxc3 25. Qxc3 Rc8 26. Qb4 Qa7 27. c3 Rxc3 28. Ra4 Rxd3 29. Qc4 Rxd4 30. Qxe6+ Kg7 31. Rxd4 Qxd4+ 32. Kh1 Rf7 33. h4 h5 34. g4 hxg4 35. Qxg4 Qd3 36. Kg2 Qd2+ 37. Rf2 Qh6 38. Ra2 Bf6 39. Rxa6 Qxh4 40. Qe6 Qg5+ 41. Kf2 Qd2+ 42. Kg3 Qe1+ 43. Kg2 Qe2+ 44. Kg3 Qxa6 0-1